Historia en voz alta: la Universidad

保存先:
書誌詳細
第一著者: García Cantú, Gastón (著者)
フォーマット: 図書
言語:スペイン語
出版事項: Ciudad de México Joaquín Mortiz 1988
主題:
タグ: タグ追加
タグなし, このレコードへの初めてのタグを付けませんか!

MARC

LEADER 00000nam a2200000 a 4500
001 UCW9876
003 CL-VaPUC
008 890703e19880000MX |||||||||||||||||spa|d
082 0 4 |a 378  |b GAR  |2 21 
100 |a García Cantú, Gastón  |e author  |9 380191 
245 1 0 |a Historia en voz alta: la Universidad 
300 |a 115 p 
942 |c BK 
945 |d 19890703 00:00:00 
260 |a Ciudad de México  |b Joaquín Mortiz  |c 1988 
650 0 |a Educación superior   |9 223851 
651 0 |a México  |9 255269 
583 |a last modification  |c 20170606 12:47:02  |k Rodrigo Vera 
999 |c 221729  |d 221727 
952 |0 0  |1 0  |4 0  |6 378_000000000000000_GAR_1988  |7 0  |8 A  |9 215511  |a BIBENE  |b BIBENE  |d 2019-11-15  |i 2839245  |o 378 GAR 1988  |p 2839245  |r 2025-01-15  |w 2019-11-15  |y BK  |k ICO